International Business : (Record no. 768)

000 -LEADER
fixed length control field 00771nam a2200241 a 4500
008 - FIXED-LENGTH DATA ELEMENTS--GENERAL INFORMATION
fixed length control field 191029r20092012ii a|||g |||| 00| 0 eng d
020 ## - INTERNATIONAL STANDARD BOOK NUMBER
International Standard Book Number 9780070221796
Terms of availability Rs. 599.00
040 ## - CATALOGING SOURCE
Original cataloging agency IMU Kochi Library
Language of cataloging eng
041 0# - LANGUAGE CODE
Language code of text/sound track or separate title eng
044 ## - COUNTRY OF PUBLISHING/PRODUCING ENTITY CODE
MARC country code India
082 04 - DEWEY DECIMAL CLASSIFICATION NUMBER
Edition number 23
Classification number 658.049
Item number H5501
100 1# - MAIN ENTRY--PERSONAL NAME
Personal name Hill, Charles W. L.
245 10 - TITLE STATEMENT
Title International Business :
Sub Title Competing in the Global Marketplace /
250 ## - EDITION STATEMENT
Edition statement 6th ed.
260 ## - PUBLICATION, DISTRIBUTION, ETC. (IMPRINT)
Place of publication, distribution, etc New Delhi :
Name of publisher, distributor, etc Tata McGraw Hill Education Private Limited ,
Date of publication, distribution, etc 2009, reprinted 2012
300 ## - PHYSICAL DESCRIPTION
Extent xxv, 942 p. :
Other physical details ill. ;
Dimensions 24 cm.
504 ## - BIBLIOGRAPHY, ETC. NOTE
Bibliography, etc Includes Index.
650 #0 - SUBJECT ADDED ENTRY--TOPICAL TERM
Topical term or geographic name as entry element International business enterprises
General subdivision Management
Form subdivision Textbooks
700 ## - ADDED ENTRY--PERSONAL NAME
Personal name Jain, Arun Kumar
Relator term Joint Author
852 ## - LOCATION/CALL NUMBER
Location IMU Kochi Library
904 ## - LOCAL DATA ELEMENT D, LDD (RLIN)
CATALOGER Akhil Bose
942 ## - ADDED ENTRY ELEMENTS (KOHA)
Item type Books
Holdings
Withdrawn status Lost status Source of classification or shelving scheme Damaged status Not for loan Collection code Permanent location Current location Shelving location Date acquired Source of acquisition Cost, normal purchase price Total Checkouts Full call number Barcode Date last seen Date last borrowed Koha item type Public note
          Management Studies IMU Kochi Library IMU Kochi Library General Stacks 2012-11-06 M/s Unique Book Store (Inv. No. 2012/0305 dt. 2012-11-02) 599.00 1 658.049 H5501 BK002100 2024-05-13 2024-05-06 Books Gen. Shelf-22, Row-5
          Management Studies IMU Kochi Library IMU Kochi Library General Stacks 2012-11-06 M/s Unique Book Store (Inv. No. 2012/0305 dt. 2012-11-02) 599.00   658.049 H5501 BK002101 2019-10-29   Books Gen. Shelf-22, Row-5


Copyright © All Rights Reserved by Indian Maritime University, Kochi Campus.
For any Suggestions/Query Contact to library or Email: library.kochi@imu.ac.in Ph:(0484)-2989402
(Web OPAC Designed by Rudra Ranjan. Maintained by IMU Kochi Library)

Powered by Koha